=LDR 00000nam 2200000 4500 =001 INLIS000000000054371 =990 ##$$a 61901022 =990 ##$$a 61901025 =990 ##$$a 61901024 =990 ##$$a 61901023 =005 20200123074623 =990 ##$$a 61901025 =990 ##$$a 61901024 =990 ##$$a 61901025 =990 ##$$a 61901025 =035 ##$$a 0010-0120000149 =990 ##$$a 61901024 =990 ##$$a 61901023 =990 ##$$a 61901023 =990 ##$$a 61901024 =007 ta =990 ##$$a 61901023 =990 ##$$a 61901022 =990 ##$$a 61901022 =990 ##$$a 61901022 =008 200123###########################0#ind## =020 ##$$a 978-602-0822-12-9 =082 ##$$a 899.221 3 =084 ##$$a 899.221 3 TER p =100 #$$a Tere Liye =245 1#$$a Pulang /$c Tere Liye =250 ##$$a Cet xxxiv =260 ##$$a Jakarta :$b Republika,$c 2019 =300 ##$$a iv, 400 hlm ; $c 21 Cm. =600 #4$$a Fiski indonesia =990 ##$$a 06040604 =990 ##$$a 06040604 =990 ##$$a 06040604 =990 ##$$a 06040604 =990 ##$$a 61901022 =990 ##$$a 6202000604 =990 ##$$a 6202000605 =990 ##$$a 6202000606 =990 ##$$a 61901023 =990 ##$$a 6202000604 =990 ##$$a 6202000605 =990 ##$$a 61901022 =990 ##$$a 61901024 =990 ##$$a 6202000604 =990 ##$$a 61901023 =990 ##$$a 61901022 =990 ##$$a 61901025 =990 ##$$a 61901024 =990 ##$$a 61901023 =990 ##$$a 61901022